书目信息 |
| 题名: |
网络管理员教程
|
|
| 作者: | 张国鸣 , 严体华 主编 ;全国计算机技术与软件专业技术资格(水平)考试办公室 组编 | |
| 分册: | ||
| 出版信息: | 北京 清华大学出版社 2006.06 |
|
| 页数: | 498页 | |
| 开本: | 23cm | |
| 丛书名: | 全国计算机技术与软件专业技术资格 (水平) 考试指定用书 | |
| 单 册: | ||
| 中图分类: | TP393 | |
| 科图分类: | ||
| 主题词: | 计算机网络--ji suan ji wang luo--管理--考核--教材 | |
| 电子资源: | ||
| ISBN: | 7-302-12958-4 | |
| 000 | 01484nam 2200289 450 | |
| 001 | 012006338968 | |
| 005 | 20061130102530.59 | |
| 010 | @a7-302-12958-4@dCNY50.00 | |
| 100 | @a20060914d2006 km y0chiy0120 ea | |
| 101 | 0 | @achi |
| 102 | @aCN@b110000 | |
| 105 | @aa a 000yy | |
| 200 | 1 | @a网络管理员教程@Awang luo guan li yuan jiao cheng@f张国鸣, 严体华主编@Fzhang guo ming,yan ti hua zhu bian@g全国计算机技术与软件专业技术资格 (水平) 考试办公室组编@Gquan guo ji suan ji ji shu yu ruan jian zhuan ye ji shu zi ge(shui ping)kao shi ban gong shi zu bian |
| 205 | @a第2版 | |
| 210 | @a北京@c清华大学出版社@d2006.06 | |
| 215 | @a498页@c图@d23cm | |
| 225 | 2 | @a全国计算机技术与软件专业技术资格 (水平) 考试指定用书@Aquan guo ji suan ji ji shu yu ruan jian zhuan ye ji shu zi ge(shui ping)kao shi zhi ding yong shu |
| 320 | @a有书目 (第498页)。 | |
| 330 | @a全书共8章,分别对计算机网络基本概念、因特网及其应用、局域网技术与综合布线、网络操作系统、应用服务器配置、Web网站建设、网络安全和网络管理进行了系统讲解。 | |
| 410 | 0 | @12001 @a全国计算机技术与软件专业技术资格 (水平) 考试指定用书 |
| 606 | 0 | @a计算机网络@Aji suan ji wang luo@x管理@x考核@j教材 |
| 690 | @aTP393@v4 | |
| 701 | 0 | @a张国鸣@Azhang guo ming@4主编 |
| 701 | 0 | @a严体华@Ayan ti hua@4主编 |
| 712 | 02 | @a全国计算机技术与软件专业技术资格(水平)考试办公室@Aquan guo ji suan ji ji shu yu ruan jian zhuan ye ji shu zi ge(shui ping)kao shi ban gong shi@4组编 |
| 801 | 0 | @aCN@c20061130 |
| 905 | @a10447@dTP393@eZ104 | |
| 网络管理员教程/张国鸣, 严体华主编/全国计算机技术与软件专业技术资格 (水平) 考试办公室组编.-第2版.-北京:清华大学出版社,2006.06 |
| 498页:图;23cm.-(全国计算机技术与软件专业技术资格 (水平) 考试指定用书) |
| ISBN 7-302-12958-4:CNY50.00 |
| 全书共8章,分别对计算机网络基本概念、因特网及其应用、局域网技术与综合布线、网络操作系统、应用服务器配置、Web网站建设、网络安全和网络管理进行了系统讲解。 |
| ● |
| 相关链接 |
|
|
|
正题名:网络管理员教程
索取号:TP393/Z104
 
预约/预借
| 序号 | 登录号 | 条形码 | 馆藏地/架位号 | 状态 | 备注 |
| 1 | 221884 | 202218849 | 期刊室512/301自科库 118排2列5层/ [索取号:TP393/Z104] | 在馆 | |
| 2 | 221885 | 202218858 | 期刊室512/301自科库 118排2列5层/ [索取号:TP393/Z104] | 在馆 | |
| 3 | 221886 | 202218867 | 自科二线404/404自科库 18排2列2层/ [索取号:TP393/Z104] | 在馆 |